000 00966nam a22002417a 4500
003 OSt
005 20250905131313.0
008 240821b ||||| |||| 00| 0 eng d
040 _c0
082 _aDPer 361.05 J826 January-April 2020 v. 67 n. 1-3
100 _aKozan, Saliha.
_eauthor.
_958688
245 _aA qualitative exploration of women's work aspirations and beliefs on meritocracy /
_cSaliha Kozan, Ellen Gutowski, and David L. Blustein.
260 _aWashington ;
_bAmerican Psychological Association ,
_cMarch 2020.
300 _aVolume 67, pages 195-207 :
_billustration ;
_c28 cm.
500 _aJournal of Counseling Psychology, vol. 67, no. 2, pages 195-207, March 2020.
650 0 _aCareer choice.
_965339
650 0 _aEmployment psychology.
_965356
650 0 _aFemale.
_965357
700 _aKozan, Saliha.
_eauthor.
_958688
700 _aGutowski, Ellen.
_eauthor.
_958689
700 _aBlustein, David L.
_eauthor.
_958690
942 _2ddc
_cPER
999 _c20779
_d20779